000 01703cam a22004694i 4500
003 PE-LiUPU
005 20250731173428.0
008 150706s1998 bl a r 000 0 por d
035 _a(Sirsi) a52129
040 _aPE-LiUPU
_bspa
_cPE-LiUPU
_erda
049 _aPRUA
082 0 4 _a221.95
_bS79
_221
100 1 _aStein Júnior, Guilherme,
_eautor.
245 1 2 _aA torre de Babel e seus mistérios :
_binterpretação cristã de vinte séculos de mitologia /
_cGuilherme Stein Júnior.
264 1 _aBrasil :
_bSociedade Criacionista Brasileira,
_c1998.
300 _a123 páginas :
_bilustraciones ;
_c21 centímetros
336 _atext
_2rdacontent
337 _aunmediated
_2rdamedia
338 _avolume
_2rdacarrier
500 _aTítulo tomado de la portada.
505 0 _aViajando pela Mesopotamia -- Dialogando com um sábio.
526 _aSEG42
526 _aSEG41
526 _aSEG40
526 _aSEG39
526 _aP94
526 _aP87
526 _aP86
526 _aP85
526 _aP77
526 _aP76
526 _aP35
650 1 4 _aTorre de Babel.
650 2 4 _aHistorias de la Biblia
_xAntiguo Testamento.
910 _cng
_d20130423
942 _2ddc
_cBOOK
949 _a221.95 S79
_wDEWEY
_c1
_i67022
_lCCODEBUL1
_mBUL
_p10.00
_r0
_sY
_tLIBRO
_u2015-07-06
_xBIBLIOTECA
_zUNKNOWN
_o.STAFF. Colección General
994 _aC0
_bPEPRU
596 _a1
999 _a221.95 S79
_wDEWEY
_c54727
_i67022
_d54727
_e2016-9-28
_f2021-11-9
_g5
_lCCODEBUL1
_mBUL
_n1
_p10.00
_r0
_sY
_tBOOK
_u2015-7-6
_xTEOLOGIA
_zUNKNOWN
_0COMPRA
_o.STAFF. Colección Teología
980 _81
_gALBERTO SANCHEZ Responsable de Automatización